Lenine em Zurique (Record no. 46289)

MARC details
000 -Etiqueta do registo
Valores 00609c a2200205 04500
100 ## - Dados gerais de processamento
Dados gerais 19770401d1976 m y0pory5003 ba
101 1# - Língua de publicação
Língua por
102 ## - País de publicação
País PT
200 1# - Titulo e menção de responsabilidade
Título próprio Lenine em Zurique
Primeira menção de responsabilidade Alexandre Soljenitsine
Outras menções de responsabilidade trad. de álvaro de Figueiredo, Joaquim P. Reis
210 #9 - Publicação
Local de publicação Lisboa
Nome do editor Publicações Dom Quixote,
Data de publicação imp. 1976
215 ## - Descrição física 
Paginação / Volumes 312, [3] p.
Dimensões 20 cm
225 2# - Colecção 
Título próprio da colecção Prémio Nobel
Indicação de volume 7
675 ## - CDU
Notação 32
Edição med
Língua por
700 #1 - Autor principal
Apelido Solzhenitsyn,
Nome Alexander,
Datas 1918-2008
702 #1 - Autor secundário
Apelido Figueiredo,
Nome Álvaro
Função 730
702 #1 - Autor secundário
Apelido Reis,
Nome Joaquim P.
Função 730
801 #0 - Fonte de origem
País PT
Agência BN
Regras de catalogação RPC
990 ## - Elementos KOHA
Tipo de documento Livro
Holdings
Aquisição Empréstimo Código de barras Cota Permissão de empréstimo Tipo de documento Nota relativa ao exemplar
Biblioteca Municipal de Redondo Biblioteca Municipal de Redondo 057403 32 SOL   Livro oferta de Franklim Amaro Cabreirinha

Powered by Koha